Odas y sátiras [de Horacio] : completas /

محفوظ في:
التفاصيل البيبلوغرافية
المؤلف الرئيسي: Horacio Flaco, Quinto (autor)
التنسيق: كتاب
اللغة:الإسبانية
منشور في: Barcelona, España : Iberia, 1963, c1963
الوسوم: إضافة وسم
لا توجد وسوم, كن أول من يضع وسما على هذه التسجيلة!

MARC

LEADER 00000nam^a2200000^a^4500
001 000578122
005 20250521000000.0
009 20260310132502.213
037 |a Acervo ITESO - Biblioteca 
041 |a ESP 
091 |a FLG. 00320 
100 |a Horacio Flaco, Quinto  |e (autor) 
245 1 0 |a Odas y sátiras [de Horacio] :  |b completas / 
264 4 |a Barcelona, España :  |b Iberia,  |c 1963, c1963 
300 |a XI, 211 p. 
336 |a texto  |b txt  |2 rdacontenido 
337 |a sin mediación  |b n  |2 rdamedio 
338 |a volumen  |b nc  |2 rdasoporte 
649 |a XX 
910 |a Fondo Luis González de Alba 
920 |a Impresos - Libros 
930 |a Fondos Especiales 
940 |a Literatura 
905 |a 141 
901 |a 0500398682  |b IT2  |c ESP  |i D101476  |u 20250521 
902 |a https://opac.biblio.iteso.mx/vufind/Record/000578122